LEADER 01305nam a2200277 i 4500 001 000000135900 003 CaOOAMICUS 005 20071106000000.0 008 071106s2007 it u000 u ita u 013 $a109360 020 $a978-88-311-9337-5 040 $aSeMil$bita 100 1 $aFitzgerald, Allan D. .$0(OLS)http://semarc/name/55387 240 10$aAugustine through the ages, an encyclopedia.$0(OLS)http://semarc/title/198642 245 10$aAgostino :$bdizionario enciclopedico /$cAllan D. Fitzgerald (ed.) ; ed. italiana a cura di Luigi Alici e Antonio Pieretti. 260 $aRoma :$bCittà Nuova,$ccopyr. 2007. 300 $a1480 p. ;$c25 cm. 650 4$aAgostino, Aurelio - Enciclopedie e dizionari.$0(OLS)http://semarc/subject/26743 700 1 $aPieretti, Antonio <1940- >.$0(OLS)http://semarc/name/363 700 1 $aAlici, Luigi,$d<1950- >.$0(OLS)http://semarc/name/309 850 $aSeMil 852 $aSeMil$W1$xVenegono$y1$mSL1.W VI 15$j258371$B89541$CSeMilBibl$Z2$F128488 $8I 961 $aAcquisto: Città Nuova (Agente) 996 $6020$a978-88-311-9337-5$9(OLS)http://semarc/number/123324 996 $6245$aAgostino :$bdizionario enciclopedico$9(OLS)http://semarc/title/198641 996 $6260$aRoma :$bCittà Nuova$9(OLS)http://semarc/publisher/29609 LEADER 01061nam a2200241 i 4500 001 000000001055 003 CaOOAMICUS 005 20260520144518.0 008 180830s1971 xx u000 u ita u 040 $aSeMil$bita 100 1 $aLortz, Joseph,$d<1887-1975>.$0(OLS)http://semarc/name/671 240 14$aDie Reformation in Deutschland.$0(OLS)http://semarc/title/1696 245 13$aLa riforma in Germania /$cJoseph Lortz. 246 04$iTitolo in copertina:$aStoria della riforma in Germania 260 $aMilano :$bJaca Book,$c1971- 300 $a2 v. ;$c24 cm. 500 $aFondo Conti. 774 0 $tPremesse, inizio, primi risultati.$kGià e non ancora$g1$w()45552 774 0 $aLortz, Joseph <1887-1975>$tCostituzione dei fronti, tentativi di unione ; Divisione definitiva.$kGià e non ancora$g2$w()178585 996 $6245$aLa riforma in Germania$9(OLS)http://semarc/title/1695 996 $6246$aStoria della riforma in Germania$9(OLS)http://semarc/title/400195 996 $6260$aMilano :$bJaca Book$9(OLS)http://semarc/publisher/29781